| 000 | 00577nam a2200181Ia 4500 | ||
|---|---|---|---|
| 005 | 20250508154029.0 | ||
| 008 | 008 250505s9999 xx 000 0 eng d | ||
| 037 | _aBooks to be hide in OPAC | ||
| 040 |
_aFEDL _beng _cFEDL |
||
| 041 |
_aeng _2eng |
||
| 084 |
_a660, USD/O _qFEDL |
||
| 245 | 0 | _aChemical technology : A suggested 2-year post high school curriculum | |
| 245 | 0 | _cU S Department of Health, Education and Welfare | |
| 300 | _a119p. | ||
| 490 | _aTeachnical education program series no. 5 | ||
| 942 |
_cHB _h660, USD/O |
||
| 999 |
_c1347161 _d1347161 |
||